Distributive nursing practice : (Record no. 4450)

000 -LEADER
fixed length control field 00918cam a2200277 i 4500
003 - CONTROL NUMBER IDENTIFIER
control field OSt
005 - DATE AND TIME OF LATEST TRANSACTION
control field 20220323105710.0
008 - FIXED-LENGTH DATA ELEMENTS--GENERAL INFORMATION
fixed length control field 770406s1977 pau b 001 0 eng
020 ## - INTERNATIONAL STANDARD BOOK NUMBER
International Standard Book Number 0397542011
040 ## - CATALOGING SOURCE
Transcribing agency DLC
050 10 - LIBRARY OF CONGRESS CALL NUMBER
Classification number RT98
Item number .D57 1977
060 ## - NATIONAL LIBRARY OF MEDICINE CALL NUMBER
Classification number WY106 H177d
245 00 - TITLE STATEMENT
Title Distributive nursing practice :
Remainder of title a systems approach to community health /
Statement of responsibility, etc. edited by Joanne E. Hall, Barbara R. Weaver ; contributors, Joanne A. Barton ... [et al.].
260 ## - PUBLICATION, DISTRIBUTION, ETC.
Place of publication, distribution, etc. Philadelphia :
Name of publisher, distributor, etc. Lippincott,
Date of publication, distribution, etc. c1977.
300 ## - PHYSICAL DESCRIPTION
Extent xiii, 536 p. ;
Dimensions 24 cm.
504 ## - BIBLIOGRAPHY, ETC. NOTE
Bibliography, etc. note Includes bibliographies and index.
650 #0 - SUBJECT ADDED ENTRY--TOPICAL TERM
Topical term or geographic name entry element Community health nursing.
650 #0 - SUBJECT ADDED ENTRY--TOPICAL TERM
Topical term or geographic name entry element Nursing
General subdivision Philosophy.
650 #0 - SUBJECT ADDED ENTRY--TOPICAL TERM
Topical term or geographic name entry element System analysis.
650 #2 - SUBJECT ADDED ENTRY--TOPICAL TERM
Topical term or geographic name entry element Community health nursing.
700 1# - ADDED ENTRY--PERSONAL NAME
Personal name Hall, Joanne E.
700 1# - ADDED ENTRY--PERSONAL NAME
Personal name Weaver, Barbara R.
700 1# - ADDED ENTRY--PERSONAL NAME
Personal name Barton, Joanne A.
906 ## - LOCAL DATA ELEMENT F, LDF (RLIN)
a 7
b cbc
c orignew
d 1
e ocip
f 19
g y-gencatlg
942 ## - ADDED ENTRY ELEMENTS (KOHA)
Source of classification or shelving scheme
Koha item type Book
Holdings
Withdrawn status Lost status Source of classification or shelving scheme Damaged status Not for loan Permanent Location Current Location Shelving location Date acquired Source of acquisition Total Checkouts Full call number Barcode Date last seen Price effective from Koha item type Public note
          AU LIBRARY AU LIBRARY Open Shelf 23.03.2022 DONATION FROM MOI UNIVERSITY   RT98 .D57 1977 28006517 23.03.2022 23.03.2022 Book SM

Powered by Koha